| 000 | 00625nam a22002057a 4500 | ||
|---|---|---|---|
| 999 |
_c15663 _d15663 |
||
| 003 | AR-CdUCM | ||
| 008 | 190429b ||||| |||| 00| 0 spa d | ||
| 040 |
_aMUNICIPALIDAD PROVINCIAL DEL CUSCO _cBIBLIOTECA MUNICIPAL DEL CUSCO |
||
| 082 |
_a869.61 / _bM77 |
||
| 100 |
_aMontoya Toro, Jorge _914872 |
||
| 245 |
_aAntologías : _bnúmero dos / |
||
| 260 |
_aAntioquia : _bUniversidad de Antioquia, |
||
| 300 |
_a6 páginas ; _c24 cm. |
||
| 505 | _aContenido: Poesías | ||
| 650 |
_aLiteratura poética _93025 |
||
| 650 |
_aPoesía _9139 |
||
| 700 |
_aTorres, Eddy _934807 |
||
| 942 |
_2ddc _cLIBROS |
||
| 945 |
_arah _d29/04/2019 |
||